000 00818nam a22002417a 4500
005 20170810164934.0
010 _aBAC-EN21 ENG-111997
020 _a9789350294246
_c350.00
035 _aEN-95529
035 _aB-581629-639
035 _aB-666160
037 _bPragati/Ven
_adpl
037 _bDBAD/PUB
082 _aN
100 _aNagarkar, Kiran
245 _aThe extras :
_b*ing Ravan & Eddie /
_cby Kiran Nagarkar
260 _aNoida
_bFourth Estate
_c2014
270 _aA-75, Sector 57
_bNoida
_e201301
300 _a467p.
_c22cm(pbk)
942 _2ddc
_cEN
_mNAG
_hN
999 _c89665
_d89665